UM Logo
Normal view MARC view
  • Syed, Muniruddin.

Entry Personal Name

Number of records used in: 1

001 - CONTROL NUMBER

  • control field: 61815

003 - CONTROL NUMBER IDENTIFIER

  • control field: OSt

005 - DATE AND TIME OF LATEST TRANSACTION

  • control field: 20240930145205.0

008 - FIXED-LENGTH DATA ELEMENTS

  • fixed length control field: 240930|| aca||aabn | a|a d

040 ## - CATALOGING SOURCE

  • Original cataloging agency: OSt

100 ## - HEADING--PERSONAL NAME

  • Personal name: Syed, Muniruddin.
  • Relator term: author.